Le tourisme et ses espaces - 4ème - Statistiques

Statistiques générales
  • Ce quiz a été pris 88 fois
  • Le résultat moyen est 5 sur 10
Statistiques - réponses
Question Réponse % Correct
Quelle forme de tourisme n'existe pas ? Tourisme océanique.
86%
Vrai ou faux : les touristes fuient le centre-ville ? Faux.
79%
Quel continent est le plus grand émetteurs de touristes au monde ? Europe.
68%
Lequel de ces pays n'était pas une des 10 principales destinations touristiques en 2024 ? Maldives.
64%
Où se situe le pays des Maldives ? Près de l'Inde.
44%
Quelle est la bonne définition du tourisme ? Fait de voyager, de parcourir pour son plaisir un lieu autre que celui où l'on vit habituellement.
40%
Dans quel pays le tourisme représente la plus grande part de l'économie. Les Maldives.
40%
Combien de personnes ont été des touristes internationaux en 2022 ? 1,4 Milliard.
29%
Vrai ou faux : En 2015, Barcelone a attiré 8 fois plus de touristes qu'elle n'a d'habitants ? Faux.
15%
Quelle est la ville la plus visitée au monde ? Bangkok.
1%
Aucun quiz correspondant
Distribution des résultats
% des personnes avec chaque résultat
Percentile par nombre de réponses
Votre historique - résultats
Vous n’avez pas pris ce quiz